| 000 | 00672nam a22002177a 4500 | ||
|---|---|---|---|
| 999 |
_c10139 _d10139 |
||
| 001 | 10139 | ||
| 003 | OSt | ||
| 005 | 20180418174718.0 | ||
| 008 | 180418b1968 bg ||||| |||| 00| 0 ben d | ||
| 035 | _a(BD-JhCC)10139 | ||
| 040 |
_aBD-JhCC _dBD-JhCC |
||
| 041 | _aben | ||
| 082 |
_a891.4415 _bJAM 1968 |
||
| 100 | _aমনিরুজ্জামান, মোহাম্মদ | ||
| 245 |
_aঅনিবার্ণ / _c মোহাম্মদ মনিরুজ্জামান |
||
| 260 |
_aঢাকা : _bরেনেসাস প্রিন্টার্স _c1968. |
||
| 300 |
_a56 p. : _c22 cm. |
||
| 650 | _aPoems | ||
| 942 |
_2ddc _cBK |
||